Statistics for Countries That Have Landed On The Moon

Click here to take the quiz!

General Stats

  • This quiz has been taken 32 times
  • The average score is 5 of 5

Answer Stats

Countries% Correct
China
97%
Russia
97%
United States
97%
India
83%
Japan
77%

Score Distribution

Percentile by Number Answered

Percent of People with Each Score

Your Score History

You have not taken this quiz